Barrio y vida urbana : Popayán 1920‑1983 /

Detalles Bibliográficos
Autor principal: Pérez Hernández, María Teresa (Autor)
Formato: Electrónico eBook
Lenguaje:español
Publicado: Popayán, Colombia : Editorial Universidad del Cauca, 2022.
Edición:Primera edición en español.
Materias:
Acceso en línea:Digitalia Hispánica

MARC

LEADER 00000nam a2200000 i 4500
001 DIGUCAUCA0129
003 NyNyDIG
006 m o d
007 cr |||||||||||
008 231007s2022 ck ab ob 001 0 spa d
035 |a (OCoLC)1394134963 
040 |a DGITA  |b eng  |e rda  |e pn  |c DGITA 
020 |a 9789587325782  |q digital 
020 |z 9789587325775  |q impreso 
043 |a s-ck--- 
050 1 4 |a HT384.C72 ebook 
100 1 |a Pérez Hernández, María Teresa,  |e author. 
245 1 0 |a Barrio y vida urbana :  |b Popayán 1920‑1983 /  |c María Teresa Pérez Hernández. 
250 |a Primera edición en español. 
264 1 |a Popayán, Colombia :  |b Editorial Universidad del Cauca,  |c 2022. 
300 |a 1 online resource :  |b illustrations, maps. 
336 |a text  |b txt  |2 rdacontent 
337 |a computer file  |b c  |2 rdamedia 
338 |a online resource  |b cr  |2 rdacarrier 
347 |a text file  |2 rdaft 
347 |b PDF 
504 |a Includes bibliographical references and Index. 
588 0 |a Online resource; title from PDF title page (Digitalia, viewed October 7, 2023) 
650 0 |a Urbanization  |x Social aspects. 
650 0 |a Community development, Urban. 
651 0 |a Popayán (Colombia) 
776 0 8 |i Print version:  |a Pérez Hernández, María Teresa.  |t Barrio y vida urbana.  |b Primera edición en español.  |d Popayán, Colombia : Editorial Universidad del Cauca, 2022  |z 9789587325775 
791 2 |a Digitalia (Firm),  |e distributor. 
793 0 |g Digitalia eBook Collection:  |a Universidad del Cauca 
856 4 0 |3 Digitalia Hispánica  |u https://www.digitaliapublishing.com/a/129844/ 
910 |a Premium collection: 2023